من رواد الفكر الغربي : (Record no. 29543)

MARC details
000 -الفاتح
حقل البيانات ثابتة الطول 01122nam a22002777a 4500
003 - محدد رقم الضبط
رقم الضبط EG-ScBUE
005 - وقت وتاريخ اخر تعامل مع التسجيلة
رقم الضبط 20211003115127.0
008 - عناصر البيانات ثابتة الطول - معلومات عامة
حقل البيانات ثابتة الطول 210929s2003 ua ao f b 000 0bara d
017 ## - رقم الإيداع القانونى
رقم الإيداع القانونى 2003/5860
040 ## - مصدر الفهرسة
وكالة الفهرسة الأصلية EG-ScBUE
لغة الفهرسة ara
قواعد الوصف rda
وكالة النسخ EG-ScBUE
وكالة التعديل EG-ScBUE
082 04 - رقم تصنيف ديوى العشرى
رقم التصنيف 320.5092
رقم المادة ش ر ي
رقم الطبعة 22
100 1# - المدخل الرئيسى - إسم شخصى
الإسم الشخصى الشريف، صلاح الدين،
الدور مؤلف.
245 10 - بيان العنوان
العنوان من رواد الفكر الغربي :
بقية العنوان مونتيسكو .. وآخرون! : حتى مطالع القرن العشرين /
بيان المسئوليه,etc بقلم صلاح الدين الشريف.
264 #3 - النشر، التوزيع
مكان الناشر او الموزع القاهرة :
اسم الناشر او الموزع مطبعة أبناء حسان وهبة،
تاريخ النشر أو التوزيع [2003]
300 ## - الوصف المادى
التعداد 161 صفحة :
تفاصيل ماديه اخرى للوعاء إيضاحيات، صور ؛
أبعاد الوعاء 20 سم
336 ## - نوع المحتوى
source rdacontent
Carrier Type Term نص
Content Type Code txt
337 ## - نوع الوسيط
source rdamedia
Media Type Term بدون وسيط
Media Type Code n
338 ## - نوع الحامل أو الناقل
source rdacarrier
Carrier Type Term مجلد
Carrier Type Code nc
504 ## - تبصرة ببليوجرافية
تبصرة ببليوجرافية,الخ يشتمل على إرجاعات ببليوجرافية.
541 ## - تبصرة المصدر المباشر للتزويد
طريقة التزويد Donation.
600 07 - المدخل الاضافى بالموضوع-اسم شخصى
الإسم الشخصى مونتسكيو،
التواريخ المصاحبة للاسم 1689-1755.
مصدر الرأس أو المصطلح BUEsh
650 #7 - المدخل الاضافى بالموضوع-مصطلح موضوعى
مصطلح موضوعي أو اسم جغرافي كعنصر مدخل ‪السياسيون
التقسيم الفرعي الشكلي تراجم.
مصدر الرأس أو المصطلح BUEsh
653 #7 - مصطلح تكشيفى غير مقيد
مصطلح غير مقيد BUEsh
Resource For college Generalities
Arrived date list September2021
655 #7 - مصطلح تكشيفى-نوع/شكل
مصدر المصطلح BUEsh
التقسيم الفرعي الشكلي Reading book
-- 34232
942 ## - عناصر المدخل الإضافي( كوها)
مصدر التصنيف او مخطط الترفيف Dewey Decimal Classification
Holdings
حالة التراجع حالة الفقد مصدر التصنيف او خطة الترفيف حالة تلف ليس للاعارة مجموعات كوها المكان الدائم المكان الحالي موقع الترفيف تاريخ الاكتساب Source of acquisition رقم الاستدعاء الباركود Date last seen نوع الوعاء
    Dewey Decimal Classification     Donation-Gift Central Library Central Library Lower Floor 29/09/2021 Donation 320.5092 ش ر ي 000050784 15/07/2025 Book - Borrowing